000 00828nmm a2200253 a 4500
001 ocm000702819
003 TR-IsHL
005 20201028131412.0
008 131028s1964 tu tur
007 cr cn
035 _a702819
_b(N$T)
050 0 4 _aPJ6233
_b.E83 1964
090 0 4 _aPJ6233
_b.E83 1964
100 1 _aEzherli, İsmail
245 1 0 _aArap dilinin anahtarı
_h[electronic resource] /
_cİsmail Ezherli
260 _aAnkara :
_bAnkara Üniversitesi İlahiyat Fakültesi,
_c1964
300 _a100 p.
650 4 _aFelsefe, Psikoloji ve Din
650 4 _aPhilosophy, Psychology and Religion
650 0 _aArap dili
650 0 _aArabic language
650 7 _aFOREIGN LANGUAGE STUDY / Arabic
_2bisacsh
856 4 0 _uhttp://search.ebscohost.com/login.aspx?direct=true&scope=site&db=e011xww&AN=702819
999 _c4543
_d4543